[Event "Budapest FS12 GM"]
[Site "Budapest"]
[Date "1995.??.??"]
[Round "6"]
[White "Zimmerman, Yuri"]
[Black "Cao Sang"]
[Result "1-0"]
[WhiteElo "2375"]
[BlackElo "2420"]

1.d4 Nf6 2.c4 e6 3.Nf3 b6 4.a3 Ba6 5.Qb3 c5 6.d5 exd5 7.cxd5 d6 8.Nc3 Be7
9.e4 Bxf1 10.Kxf1 O-O 11.g3 Nbd7 12.Kg2 Re8 13.Re1 Bf8 14.h3 a6 15.a4 Qc7
16.Qc4 Qb7 17.Bf4 Rab8 18.b3 b5 19.axb5 axb5 20.Qd3 h6 21.g4 c4 22.bxc4 Nc5
23.Qf1 b4 24.Nb5 Ncxe4 25.Nfd4 Nxd5 26.cxd5 Qxd5 27.f3 Nc3 28.Rxe8 Rxe8 29.Nxc3 Qxd4
30.Ne4 d5 31.Rd1 Qb2+ 32.Rd2 Qb3 33.Nd6 Bxd6 34.Bxd6 Qc3 35.Qd3 Re1 36.Bg3 Rb1
37.Bf2 Rb2 38.Qxc3 bxc3 39.Rxd5 c2 40.Rd8+ Kh7 41.Rc8 h5 42.gxh5 Rb5 43.Rxc2 Rxh5
44.Rc5 Rh6 45.Rc7 Rg6+ 46.Bg3 Rf6 47.Be5 Re6 48.Bd4 Kg6 49.Kg3 Rd6 50.Bc3 Ra6
51.h4 f6 52.h5+ Kxh5 53.Rxg7 Kh6 54.Rf7 Ra3 55.Rxf6+ Kg5 56.Rc6 Ra8 57.f4+ Kh5
58.Rc5+ Kh6 59.Kg4 Rf8 60.Rc6+  1-0

[Event "Budapest FS04 GM"]
[Site "Budapest"]
[Date "1995.??.??"]
[Round "7"]
[White "Stajcic, Nikola"]
[Black "Wells, Peter K"]
[Result "0-1"]
[WhiteElo "2350"]
[BlackElo "2530"]

1.d4 Nf6 2.Nf3 e6 3.c4 b6 4.a3 Ba6 5.Qc2 Bb7 6.Nc3 c5 7.e4 cxd4 8.Nxd4 Nc6
9.Nxc6 Bxc6 10.Be2 Qb8 11.Be3 Bd6 12.Bd4 Be5 13.Rd1 O-O 14.h3 Bxd4 15.Rxd4 Qe5
16.Qd3 Qf4 17.Bf3 Qc1+ 18.Nd1 e5 19.Qd2 Qb1 20.Qd3 Qxd3 21.Rxd3 Nxe4 22.Re3 Nd6
23.Bxc6 dxc6 24.c5 Nc4 25.Rc3 b5 26.a4 a6 27.b3 Na5 28.b4 Nc4 29.Ne3 Nxe3
30.Rxe3 bxa4 31.Ra3 a5 32.bxa5 Rxa5 33.Kd2 Rd8+ 34.Ke3 Rd4 35.Rc1 g6 36.g3 Rb4
37.Rcc3 f5  0-1

[Event "Budapest FS09 IM-A"]
[Site "Budapest"]
[Date "1995.??.??"]
[Round "8"]
[White "Czebe, Attila"]
[Black "Cerneanu, Norbert"]
[Result "1-0"]
[WhiteElo "2340"]
[BlackElo "2270"]

1.d4 Nf6 2.c4 e6 3.Nf3 b6 4.a3 Bb7 5.Nc3 d5 6.Bg5 Be7 7.Qa4+ c6 8.Bxf6 Bxf6
9.cxd5 exd5 10.g3 O-O 11.Bg2 Nd7 12.O-O a5 13.e3 Be7 14.Rfd1 f5 15.Ne2 Bd6
16.Nf4 Qe7 17.Rac1 b5 18.Qb3 a4 19.Qa2 Nb6 20.h4 Nc4 21.Nd2 Bc8 22.Nxc4 bxc4
23.Nxd5 cxd5 24.Bxd5+ Be6 25.Bxa8 Rxa8 26.d5 Bd7 27.Qxc4 Rb8 28.Qa6 Rxb2
29.Rb1 Rxb1 30.Rxb1 Bxa3 31.Rb7 Kf7 32.Qa7 Ke8 33.h5 Bd6 34.h6 gxh6 35.Qd4 Qe5
36.Qa7 Qe7 37.Qd4 Qe5 38.Qc4 Qe4 39.Qc3 Qe5 40.Qc4 Qe4 41.Qa6 Qe5 42.Qa8+ Ke7
43.Qa7 Bc7 44.Rxc7 Qxd5 45.Qxa4 Kd8 46.Qa7 Qd1+ 47.Kh2 Qd2 48.Rxd7+ Qxd7
49.Qxd7+ Kxd7 50.Kh3 Ke6 51.g4  1-0

[Event "Buenos Aires Clarin op"]
[Site "Buenos Aires"]
[Date "1995.??.??"]
[Round "7"]
[White "Giardelli, Sergio C"]
[Black "Spangenberg, Hugo"]
[Result "0-1"]
[WhiteElo "2465"]
[BlackElo "2500"]

1.c4 Nf6 2.d4 e6 3.Nf3 b6 4.a3 Bb7 5.Nc3 d5 6.cxd5 Nxd5 7.e3 Be7 8.Bb5+ c6
9.Bd3 O-O 10.e4 Nxc3 11.bxc3 c5 12.O-O Ba6 13.Bxa6 Nxa6 14.Qd3 Qc8 15.Rd1 Rd8
16.Qe2 h6 17.Bf4 Bd6 18.Ne5 f6 19.Ng6 Kh7 20.Qh5 Qc6 21.Bxd6 Rxd6 22.e5 fxe5
23.Nxe5 Qe4 24.Re1 Qf5 25.Qe2 Nc7 26.dxc5 bxc5 27.Nc4 Rd7 28.Ne5 Rd5 29.g3 Rad8
30.Nc4 Qd3 31.Ne3 Qxe2 32.Rxe2 Rd2 33.Rxd2 Rxd2 34.Rb1 Nd5 35.Rb7 Rd3 36.Ng4 Rxc3
37.Rxa7 c4 38.Ra6 Rc1+ 39.Kg2 Re1 40.Rc6 h5 41.Ne3 Nxe3+ 42.fxe3 Rxe3 43.a4 c3
44.a5 Kg6 45.Kf2 Re5 46.a6 Kf6 47.Rxc3 Ra5 48.Rc6 Ra2+ 49.Kf3 Rxh2 50.Rc5 Ra2
51.Rxh5 Rxa6 52.Rb5 Ra3+ 53.Kf4 e5+ 54.Kg4 Ra4+ 55.Kf3 Kf5 56.Rd5 Ra3+ 57.Kf2 g5
58.Rd8 Ra2+ 59.Ke3 Kg4 60.Rg8 Ra3+ 61.Ke4 Rxg3 62.Kxe5 Rf3 63.Ke4 Rf7 64.Ke3 Kh4
65.Ke2 g4 66.Rh8+ Kg3 67.Ra8 Kg2 68.Rg8 g3 69.Ke3 Kh2 70.Rh8+ Kg1 71.Rg8 g2
72.Ke2 Re7+ 73.Kf3 Kf1  0-1

[Event "Cappelle op"]
[Site "Cappelle la Grande"]
[Date "1995.??.??"]
[Round "2"]
[White "Notkin, Maksim"]
[Black "Kiselev, Sergey"]
[Result "1-0"]
[WhiteElo "2485"]
[BlackElo "2495"]

1.d4 Nf6 2.c4 e6 3.Nf3 b6 4.a3 Ba6 5.Qc2 Bb7 6.Nc3 c5 7.e4 cxd4 8.Nxd4 Bc5
9.Nb3 Nc6 10.Bf4 e5 11.Bg5 h6 12.Bh4 Be7 13.O-O-O O-O 14.f3 Rc8 15.Bf2 Ba6
16.Kb1 Nb8 17.Bg3 Nc6 18.Qd2 d6 19.Nb5 Ne8 20.h4 Bb7 21.Bf2 Rb8 22.g4 Bc8
23.Nc3 Be6 24.Nd5 Rc8 25.Be2 Kh7 26.Rdg1 Qd7 27.Rg2 Bd8 28.g5 f5 29.gxh6 gxh6
30.exf5 Bxf5+ 31.Ka1 Ne7 32.Ne3 Qe6 33.Nxf5 Nxf5 34.Qd3 Ng7 35.Rhg1 Nh5 36.Be3 Kh8
37.Rg4 Nxe3 38.Qxe3 Nf4 39.Rg6 Rf6 40.Rg7 Rc7 41.R7g4 h5 42.R4g3 Rh6 43.Nd4 Qf7
44.Qe4 Rd7 45.Bd1 Rf6 46.Ba4 Rb7 47.Be8 Qh7 48.Bc6 Rbf7 49.Qxh7+ Kxh7 50.Be4+ Kh6
51.Rg8 Rf8 52.Nc6 Rxg8 53.Rxg8 Bc7 54.Rh8+ Kg7 55.Rh7+ Kg8 56.Rxc7 Ng2 57.Ne7+  1-0

[Event "Cappelle op"]
[Site "Cappelle la Grande"]
[Date "1995.??.??"]
[Round "4"]
[White "Tregubov, Pavel V"]
[Black "Lipka, Juraj"]
[Result "1-0"]
[WhiteElo "2515"]
[BlackElo "2360"]

1.Nf3 Nf6 2.c4 e6 3.d4 b6 4.a3 Ba6 5.Qc2 Bb7 6.Nc3 c5 7.e4 cxd4 8.Nxd4 Bc5
9.Nb3 Nc6 10.Bd3 Qb8 11.Bg5 Nd4 12.Nxd4 Bxd4 13.Ne2 h6 14.Bd2 Bc5 15.b4 Be7
16.O-O O-O 17.f4 d6 18.Ng3 Qc7 19.Rae1 Nd7 20.Qd1 a5 21.Nh5 Nf6 22.Re3 axb4
23.axb4 Ra2 24.Bc3 Qd8 25.Nxg7 Kxg7 26.Rg3+ Kh7 27.e5+ Ne4 28.exd6 Bf6 29.Qf3 Bxc3
30.Bxe4+ Bxe4 31.Qxe4+ f5 32.Qb7+ Kh8 33.Rxc3 Rg8 34.Rd1 Qa8 35.Qf3 Qa4 36.Rcd3 Qxb4
37.d7 Qc5+ 38.Kh1 Rd8 39.Qh5 Qf8 40.Qg6 Qg7 41.Qxe6 Qg8 42.Qxg8+ Kxg8 43.Rd6 Rc2
44.g3 Kf7 45.Re1 Rxc4 46.Ree6 Rxd7 47.Rf6+ Ke7 48.Rde6+ Kd8 49.Kg2 Rc2+ 50.Kh3 Kc7
51.Rxf5 Rdd2 52.Rf7+ Kd8 53.Rxb6 Rxh2+ 54.Kg4  1-0

[Event "Cappelle op"]
[Site "Cappelle la Grande"]
[Date "1995.??.??"]
[Round "9"]
[White "Mohandesi, Shahin"]
[Black "Primel, Dominique"]
[Result "1/2-1/2"]
[WhiteElo "2265"]
[BlackElo "2035"]

1.d4 Nf6 2.Nf3 e6 3.c4 b6 4.a3 Ba6 5.Qa4 Be7 6.Nc3 Bb7 7.Bf4 O-O 8.e3 Ne4
9.Nxe4 Bxe4 10.Be2 d6 11.O-O Nd7 12.Rfd1 g5 13.Bg3 f5 14.Nd2 Bb7 15.f3 Bf6
16.Bf2 Qe7 17.Qc2 c5 18.Bd3 Rac8 19.d5 Ne5 20.Rab1 Nxd3 21.Qxd3 exd5 22.cxd5 Be5
23.g3 Rce8 24.b4 cxb4 25.axb4 h5 26.Nc4 Bg7 27.b5 h4 28.Qa3 Rd8 29.Qxa7 f4
30.exf4 gxf4 31.gxh4 Rf6 32.Re1 Qf7 33.Qxb6 Rd7 34.Rbd1 Bxd5 35.Rxd5 Qxd5
36.Qc6 Qf7 37.h5 Rc7 38.Qe8+ Qxe8 39.Rxe8+ Kf7  1/2-1/2

[Event "Copenhagen op17"]
[Site "Copenhagen"]
[Date "1995.??.??"]
[Round "6"]
[White "Auchenberg, Per"]
[Black "Christensen, J."]
[Result "0-1"]
[WhiteElo "2215"]
[BlackElo "2240"]

1.d4 Nf6 2.c4 e6 3.Nf3 b6 4.a3 Bb7 5.Nc3 Be7 6.d5 O-O 7.e4 exd5 8.exd5 Re8
9.Be2 h6 10.O-O a5 11.Bf4 d6 12.Qc2 Bf8 13.Nd4 Nbd7 14.b4 Ne5 15.h3 Ba6 16.Bxe5 dxe5
17.Nc6 Qd7 18.bxa5 bxa5 19.Nxa5 e4 20.Nb3 Qf5 21.Qd2 Bd6 22.Nd1 Qe5 23.g3 Nh5
24.Qc3 e3 25.Qxe3 Nxg3 26.fxg3 Qxe3+ 27.Nxe3 Rxe3 28.Nc1 Rxg3+ 29.Kf2 Rxh3
30.a4 Re8 31.Bd3 Ree3 32.Be2 Rc3 33.Rb1 g6 34.Na2 Rc2 35.Nc1 Bxc4  0-1

[Event "Sommerskak"]
[Site "Copenhagen"]
[Date "1995.??.??"]
[Round "8"]
[White "Schandorff, Lars"]
[Black "Hellsten, Johan"]
[Result "1/2-1/2"]
[WhiteElo "2490"]
[BlackElo "2430"]

1.d4 Nf6 2.Nf3 e6 3.c4 b6 4.a3 Ba6 5.Qc2 Bb7 6.Nc3 c5 7.e4 cxd4 8.Nxd4 Nc6
9.Nxc6 Bxc6 10.Bf4 Bc5 11.Be2 O-O 12.Rd1 a5 13.O-O Qe7 14.e5 Nh5 15.Bxh5 Qh4
16.Bg3 Qxh5 17.Na4 Rab8 18.Nxc5 bxc5 19.f3 a4 20.Qe2 Rb3 21.Be1 f6 22.Bc3 Rxc3
23.bxc3 Qxe5 24.Qxe5 fxe5 25.Rfe1 Rf6 26.Re3 Kf7 27.g4 Rf4 28.Rxe5 Rxc4 29.Re3 e5
30.Kf2 Ke6 31.Kg3 Rf4 32.Rde1 d6 33.Rd1 Rf8 34.c4 Ke7 35.Red3 Rf6 36.h4 Kd7
37.g5 Re6 38.Re3 Re8 39.Red3 Re6 40.Re3 Re8 41.f4 exf4+ 42.Kxf4 Rb8 43.Rd2 Rb1
44.Rf2 Kd8 45.Rd2 Kd7 46.Red3 Kc7 47.Rxd6 Rf1+ 48.Kg4 Rg1+ 49.Kf5 Rf1+ 50.Kg4 Rg1+
51.Kf5 Rf1+ 52.Ke6 Rf4 53.h5 Rh4 54.R6d3 Rxh5 55.Rg3 Rh4 56.Kf7 Rxc4 57.Kxg7 Rh4
58.Rdd3 c4 59.Rc3 Kd6 60.g6 hxg6 61.Kxg6 Kc5 62.Kg5 Rh8 63.Rgd3 Rf8 64.Kg4 Be4
65.Rd1 Bd5 66.Re3 Rg8+ 67.Kf4 Rf8+ 68.Kg3 Rg8+ 69.Kf4 Rf8+  1/2-1/2

[Event "Coria op"]
[Site "Coria"]
[Date "1995.??.??"]
[Round "5"]
[White "Adla, Diego"]
[Black "Pogorelov, Ruslan"]
[Result "1-0"]
[WhiteElo "2435"]
[BlackElo "2440"]

1.d4 Nf6 2.c4 e6 3.Nf3 b6 4.a3 Ba6 5.Qc2 Bb7 6.Nc3 c5 7.e4 cxd4 8.Nxd4 d6
9.Bd3 Nbd7 10.Qe2 a6 11.O-O Be7 12.Kh1 Ne5 13.Bc2 Rc8 14.b3 b5 15.f4 bxc4
16.bxc4 Nxc4 17.Rb1 Na5 18.Ba4+ Kf8 19.Bd2 Rc5 20.e5 dxe5 21.fxe5 Qxd4 22.exf6 Bxf6
23.Be3 Qe5 24.Bxc5+ Qxc5 25.Ne4 Qe5 26.Qc2 Be7 27.Rxb7 Nxb7 28.Qc8+ Nd8 29.Qd7 g6
30.Qe8+ Kg7 31.Qxe7 Qxe4 32.Qf6+ Kh6 33.Qxh8  1-0

[Event "Crailsheim op 1st"]
[Site "Crailsheim"]
[Date "1995.??.??"]
[Round "?"]
[White "Riedel, H."]
[Black "Wells, Peter K"]
[Result "0-1"]
[WhiteElo "2195"]
[BlackElo "2530"]

1.d4 Nf6 2.c4 e6 3.Nf3 b6 4.a3 Ba6 5.Qc2 Bb7 6.Nc3 c5 7.e4 cxd4 8.Nxd4 Nc6
9.Nxc6 Bxc6 10.Bd3 Bc5 11.Bg5 Qb8 12.Bh4 Nh5 13.Bg3 Nxg3 14.hxg3 a6 15.Qe2 Bd4
16.Rc1 g6 17.f4 d6 18.Kf1 O-O 19.g4 Qb7 20.f5 Rfe8 21.Qd2 exf5 22.gxf5 Bxc3
23.Rxc3 Bxe4 24.Rh4 Bxd3+ 25.Rxd3 Qe7 26.Rf4 Rad8 27.f6 Qe6 28.Rff3 h5 29.b3 Kh7
30.Rde3 Qd7 31.Qd5 Re5 32.Rxe5 dxe5 33.Qxe5 Qd1+ 34.Kf2 Rd2+ 35.Kg3 Qg1 36.Kf4 Rd4+  0-1

[Event "CZE-chT1a"]
[Site "?"]
[Date "1995.??.??"]
[Round "?"]
[White "Vacek, Martin"]
[Black "Ambroz, Jan"]
[Result "1-0"]
[WhiteElo "2210"]
[BlackElo "2405"]

1.d4 Nf6 2.c4 e6 3.Nf3 b6 4.a3 Ba6 5.Qc2 Bb7 6.Nc3 c5 7.e4 cxd4 8.Nxd4 Nc6
9.Nxc6 Bxc6 10.Bf4 Bc5 11.Rd1 Ng4 12.Rd2 Qf6 13.Bg3 a5 14.h3 Ne5 15.Be2 O-O
16.O-O Ng6 17.Rfd1 Qg5 18.Kh1 f5 19.Bf1 f4 20.Bh2 f3 21.g3 a4 22.Na2 Qe7
23.Nc1 h5 24.Qc3 e5 25.Na2 Bxe4 26.Rxd7 Qg5 27.Qd2 Bc6 28.Rd5 Bxd5 29.cxd5 Bd4
30.Nb4 Rac8 31.Bd3 Ne7 32.Be4 Rfd8 33.g4 hxg4 34.hxg4 Qh4 35.Bxf3 Rd6 36.g5 Rf8
37.Qe2 Qxg5 38.Rxd4 Rh6 39.Rg4 Qc1+ 40.Kg2 Ng6 41.Nd3 Qc8 42.Bg3 Nf4+ 43.Bxf4 exf4
44.Qe5 Qd7 45.Nxf4 Rf5 46.Qe4 Rhf6 47.Be2 b5 48.f3 Rf7 49.Ng6 Rh5 50.d6 Rf6
51.Qa8+ Kf7 52.Nh8+ Ke6 53.Qg8+ Ke5 54.Bd3 Rxh8 55.Qxh8 Qxd6 56.Re4+ Kd5
57.Qh5+ Kc6 58.Qxb5+ Kc7 59.Qa5+  1-0

[Event "Dhaka"]
[Site "Dhaka"]
[Date "1995.??.??"]
[Round "5"]
[White "Krasenkow, Michal"]
[Black "Gunawan, Ruben"]
[Result "1/2-1/2"]
[WhiteElo "2575"]
[BlackElo "2430"]

1.c4 Nf6 2.d4 e6 3.Nf3 b6 4.a3 Bb7 5.Nc3 d5 6.Bg5 Be7 7.Bxf6 Bxf6 8.cxd5 exd5
9.Qb3 O-O 10.Rd1 Re8 11.g3 Nc6 12.Bg2 Na5 13.Qc2 Nc4 14.O-O Qe7 15.Ne5 Nxe5
16.dxe5 Qxe5 17.Nxd5 Bxd5 18.Bxd5 Rad8 19.e4 c5 20.b4 Qe7 21.bxc5 bxc5 22.Rb1 Rb8
23.Rb3 Rxb3 24.Qxb3 Bd4 25.Kg2 g6 26.f4 Rc8 27.e5 Kg7 28.Rb1 Qd7 29.Qc4 Rc7
30.Rb8 Qf5 31.Rb3 Re7 32.a4 h5 33.Rf3 Re8 34.Qd3 Qxd3 35.Rxd3 Rb8 36.Rb3 Rxb3
37.Bxb3  1/2-1/2

[Event "Dhaka"]
[Site "Dhaka"]
[Date "1995.??.??"]
[Round "11"]
[White "Krasenkow, Michal"]
[Black "Lodhi, Mahmood"]
[Result "1/2-1/2"]
[WhiteElo "2575"]
[BlackElo "2420"]

1.d4 Nf6 2.Nf3 b6 3.c4 e6 4.a3 Bb7 5.Nc3 Be7 6.d5 O-O 7.e4 exd5 8.cxd5 Re8
9.Bd3 c5 10.O-O d6 11.Nd2 Ba6 12.Qe2 Bxd3 13.Qxd3 a6 14.b4 Nbd7 15.f4 Bf8
16.Bb2 b5 17.Kh1 g6 18.Rae1 Bg7 19.Nf3 cxb4 20.axb4 Nb6 21.Nd4 Nc4 22.Bc1 Ng4
23.h3 Qh4 24.Kg1 Nh6 25.Nf3 Qd8 26.g4 Qd7 27.f5 f6 28.Nd4 g5 29.Ne6 Nf7 30.Be3 Nfe5
31.Qe2 Bf8 32.Bd4 Re7 33.Nd1 h6 34.Nb2 Rf7 35.Rc1 Nxb2 36.Bxb2 Nc4 37.Bd4 Be7
38.Rc2 Rh7 39.Ra1 Qb7 40.Rca2 Kf7 41.Kg2 Rhh8 42.Kg3 Bd8 43.Rh1 Bb6 44.Bf2 h5
45.h4 hxg4 46.Bxb6 Nxb6 47.Raa1 gxh4+ 48.Kxg4 Nc4 49.Rhg1 Rag8+ 50.Kh3 Rg3+
51.Rxg3 hxg3+ 52.Kxg3 Ne5 53.Qc2 Rg8+ 54.Kh3 Rc8 55.Rg1 Rh8+ 56.Kg2 Qb6 57.Kf1 Qxg1+
58.Kxg1 Nf3+ 59.Kf1 Rh1+ 60.Ke2 Rh2+  1/2-1/2

[Event "Dortmund"]
[Site "Dortmund"]
[Date "1995.??.??"]
[Round "6"]
[White "Lobron, Eric"]
[Black "Karpov, Anatoly"]
[Result "0-1"]
[WhiteElo "2595"]
[BlackElo "2775"]

1.d4 Nf6 2.c4 e6 3.Nf3 b6 4.a3 Bb7 5.Nc3 d5 6.cxd5 Nxd5 7.e3 g6 8.Bb5+ c6
9.Bd3 Bg7 10.Ne2 c5 11.dxc5 bxc5 12.Qc2 Nd7 13.e4 N5b6 14.Nc3 c4 15.Be2 Nc5
16.O-O Qc7 17.Bg5 O-O 18.Nd2 Rfc8 19.f4 a5 20.e5 Ba6 21.Nde4 Nxe4 22.Nxe4 Nd5
23.Qd2 Rab8 24.Nd6 Qb6+ 25.Kh1 Rc5 26.Rac1 Qxb2 27.Qxb2 Rxb2 28.Bxc4 Bxc4
29.Nxc4 Rb8 30.Nd6 Rxc1 31.Rxc1 h6  0-1

[Event "Dresden op"]
[Site "Dresden"]
[Date "1995.??.??"]
[Round "?"]
[White "Naumann, Alexander"]
[Black "Sturua, Zurab"]
[Result "1/2-1/2"]
[WhiteElo "2360"]
[BlackElo "2540"]

1.d4 Nf6 2.c4 e6 3.Nf3 b6 4.a3 Ba6 5.Qc2 Bb7 6.Nc3 c5 7.e4 cxd4 8.Nxd4 Bc5
9.Nb3 Nc6 10.Nxc5 Nd4 11.Qd1 bxc5 12.Bd3 d6 13.O-O a5 14.Be3 Bc6 15.b4 axb4
16.axb4 O-O 17.b5 Bb7 18.f3 Nd7 19.Ne2 Qf6 20.Nxd4 cxd4 21.Bd2 Nc5 22.Qc2 e5
23.Rfb1 h6 24.Bf1 Rfc8 25.Qd1 Qd8 26.Rxa8 Rxa8 27.Ra1  1/2-1/2

[Event "Eger op"]
[Site "Eger"]
[Date "1995.??.??"]
[Round "?"]
[White "Zimmerman, Yuri"]
[Black "Nisipeanu, Liviu Dieter"]
[Result "1/2-1/2"]
[WhiteElo "2335"]
[BlackElo "2420"]

1.d4 Nf6 2.c4 e6 3.Nf3 b6 4.a3 Bb7 5.Nc3 d5 6.Bg5 dxc4 7.e4 Be7 8.Qc2 Nc6
9.Rd1 Na5 10.Nd2 O-O 11.Nxc4 Nxc4 12.Bxc4 Qe8 13.O-O Nxe4 14.Bxe7 Nxc3 15.Bxf8 Nxd1
16.Bxg7 Qc6 17.d5 exd5 18.Bd4 dxc4 19.f3 Nxb2 20.Bxb2 Re8 21.Qc3 f6 22.Rd1 Qe6
23.Rd4 Qe1+ 24.Qxe1 Rxe1+ 25.Kf2 Rb1 26.Bc3 Rb3 27.Rxc4 c5 28.Bxf6 Rxa3 29.Rg4+ Kf7
30.Bh8 Ra2+  1/2-1/2

[Event "RUS-ch"]
[Site "Elista"]
[Date "1995.??.??"]
[Round "6"]
[White "Sakaev, Konstantin"]
[Black "Epishin, Vladimir"]
[Result "1/2-1/2"]
[WhiteElo "2570"]
[BlackElo "2640"]

1.d4 Nf6 2.c4 e6 3.Nf3 b6 4.a3 Bb7 5.Nc3 d5 6.Qc2 Be7 7.cxd5 exd5 8.Bf4 O-O
9.e3 c5 10.Bd3 Nbd7 11.O-O a6 12.a4 g6 13.Rfd1 Rc8 14.dxc5 Nxc5 15.Be5 Nfd7
16.Bd4 Bf6 17.Rac1 Qe7 18.Qe2  1/2-1/2

[Event "RUS-ch"]
[Site "Elista"]
[Date "1995.??.??"]
[Round "10"]
[White "Vyzmanavin, Alexey"]
[Black "Mitenkov, Alexey"]
[Result "1-0"]
[WhiteElo "2605"]
[BlackElo "2430"]

1.d4 Nf6 2.c4 e6 3.Nf3 b6 4.a3 Bb7 5.Nc3 d5 6.Qc2 Be7 7.cxd5 Nxd5 8.Bd2 Nd7
9.e4 N5f6 10.Rd1 c5 11.d5 exd5 12.exd5 Bd6 13.Be2 O-O 14.O-O a6 15.a4 Qc7
16.Bg5 Rae8 17.Kh1 h6 18.Bh4 Ng4 19.Bg3 Ndf6 20.Kg1 Bxg3 21.hxg3 Rd8 22.Bc4 Ne8
23.Ba2 Nd6 24.Bb1 g6 25.Qc1 Qe7 26.Rfe1 Qf6 27.Ne4 Nxe4 28.Rxe4 h5 29.Ba2 Rd6
30.a5 Rfd8 31.Rf4 Qe7 32.Re1 Qc7 33.Ng5 Nf6 34.Ne6 fxe6 35.Rxf6 exd5 36.Qg5 Rxf6
37.Qxf6 Rf8 38.Re7 Rxf6 39.Rxc7  1-0

[Event "RUS-ch"]
[Site "Elista"]
[Date "1995.??.??"]
[Round "11"]
[White "Sakaev, Konstantin"]
[Black "Ruban, Vadim"]
[Result "1-0"]
[WhiteElo "2570"]
[BlackElo "2535"]

1.d4 Nf6 2.c4 e6 3.Nf3 b6 4.a3 Ba6 5.Qc2 c5 6.d5 exd5 7.cxd5 Bb7 8.e4 Qe7
9.Bd3 Nxd5 10.O-O Nc7 11.Bg5 f6 12.Bf4 d6 13.Nc3 Nd7 14.b4 g5 15.Bg3 Ne5
16.bxc5 bxc5 17.Bxe5 fxe5 18.Qa4+ Qd7 19.Qb3 Bc6 20.Nxg5 Bh6 21.Nf3 Rf8 22.Qd1 Ne6
23.Rb1 a6 24.g3 Rf6 25.Bc4 Nf4 26.gxf4 Rxf4 27.Ne1 Qh3 28.Qxd6 Rg4+ 29.Kh1 Bd7
30.Qxe5+ Kf8 31.Qf6+ Ke8 32.Bf7+  1-0

[Event "NLD-ch sf"]
[Site "Enschede"]
[Date "1995.??.??"]
[Round "8"]
[White "Delemarre, Jop"]
[Black "Langeweg, Kick"]
[Result "1-0"]
[WhiteElo "2320"]
[BlackElo "2375"]

1.d4 Nf6 2.c4 e6 3.Nf3 b6 4.a3 Bb7 5.Nc3 d5 6.Bg5 Be7 7.Qa4+ Nbd7 8.Bxf6 Bxf6
9.cxd5 exd5 10.g3 a6 11.Bh3 Qe7 12.O-O Rd8 13.Rac1 O-O 14.Qb3 Qd6 15.Na4 Bc6
16.Rfd1 Rfe8 17.Rd2 Nb8 18.e3 h5 19.Rdc2 Bd7 20.Bxd7 Rxd7 21.h4 Qe7 22.Nc3 Qd8
23.Ne2 g6 24.Nf4 c6 25.Kg2 Rd6 26.Nd3 Kg7 27.Qa4 Qc8 28.Qb3 Qd8 29.Qa4 Qc8
30.Qb4 Qd8 31.Nf4 Re4 32.a4 c5 33.Qd2 c4 34.b3 b5 35.axb5 axb5 36.Qb4 Qd7
37.bxc4 dxc4 38.Rb2 Rxf4 39.exf4 Rd5 40.Qe1 Nc6 41.Qe4 Bxd4 42.Rd2 f5 43.Qe2 c3
44.Rd3 Bf6 45.Rcd1 Rxd3 46.Rxd3 Qb7 47.Kh2 Qe7 48.Qd1 Qc5 49.Rd7+ Ne7 50.Qc2 b4
51.Ng5 Qb5 52.Rd6 b3 53.Qd1 c2 54.Qe1 Bxg5 55.hxg5 Kf8 56.Qc3 Ng8 57.Rd8+ Kf7
58.Qh8  1-0

[Event "FIN-ch-B"]
[Site "FIN"]
[Date "1995.??.??"]
[Round "?"]
[White "Fieandt, John"]
[Black "Sammalvuo, Tapani"]
[Result "1-0"]
[WhiteElo "2210"]
[BlackElo "2390"]

1.d4 Nf6 2.c4 e6 3.Nf3 b6 4.a3 Ba6 5.Qc2 Bb7 6.Nc3 c5 7.e4 cxd4 8.Nxd4 Nc6
9.Nxc6 Bxc6 10.Bg5 Qb8 11.Bd3 Bc5 12.Qe2 Bd4 13.Rc1 h6 14.Bd2 Be5 15.g3 Qb7
16.f3 a5 17.Be3 Bd6 18.Qf2 Rb8 19.Rc2 O-O 20.O-O Rfc8 21.Bd4 Bc5 22.Bxc5 bxc5
23.e5 Ne8 24.Ne4 Bxe4 25.Bxe4 Qc7 26.Qe3 d6 27.f4 Rd8 28.f5 exf5 29.Rxf5 dxe5
30.Rxe5 Nf6 31.Bf3 Rd4 32.Qe2 Qd6 33.Bd5 Nxd5 34.cxd5 Rxd5 35.Re8+ Rxe8 36.Qxe8+ Qf8
37.Qxf8+ Kxf8 38.Rc4 Ke7 39.b4 Kd6 40.bxa5 Rd4 41.Rxd4+  1-0

[Event "FIN-chT"]
[Site "FIN"]
[Date "1995.??.??"]
[Round "?"]
[White "Kanko, Ilkka"]
[Black "Hokkanen, Petri"]
[Result "1-0"]
[WhiteElo "2345"]
[BlackElo "2230"]

1.d4 Nf6 2.c4 e6 3.Nf3 b6 4.a3 Bb7 5.Nc3 d5 6.cxd5 Nxd5 7.e3 Be7 8.Bb5+ c6
9.Bd3 O-O 10.O-O c5 11.Nxd5 Bxd5 12.e4 Bb7 13.dxc5 Bxc5 14.b4 Be7 15.Bb2 Nd7
16.Qe2 Bf6 17.Rad1 Bxb2 18.Qxb2 Qf6 19.Qe2 Ne5 20.Nxe5 Qxe5 21.f3 Rad8 22.Ba6 Bc6
23.Qc2 Ba8 24.Rc1 h6 25.Qc3 Qd6 26.Rf2 Qf4 27.g3 Qg5 28.h4 Qg6 29.Qe5 f5
30.Bc4 fxe4 31.Qxe6+ Kh7 32.Qxg6+ Kxg6 33.fxe4 Bxe4 34.Rxf8 Rxf8 35.Re1 Bf5
36.Re7 a5 37.bxa5 bxa5 38.Ra7 Rc8 39.Ra6+ Kh7 40.Bf7 Rc5 41.h5 g6 42.hxg6+ Kg7
43.Kf2 Rc3 44.Rxa5 Bxg6 45.Bd5 Bc2 46.Bf3 Rc4 47.Be2 Rc3 48.Ra7+ Kf6 49.a4 Be4
50.a5 Ra3 51.a6 Bd3 52.Bxd3 Rxd3 53.Rc7 Ra3 54.a7 Ke5 55.Rh7 Ke4 56.Re7+ Kf5
57.Ke2 h5 58.Kd2 Kg4 59.Rg7+ Kf3 60.Kc2 Ra6 61.Kb3 Ra1 62.Kb4 Ra2 63.Kb5 Rb2+
64.Kc6 Rc2+ 65.Kb7 Rb2+ 66.Kc8 Ra2 67.Kb8 Rb2+ 68.Rb7 Ra2 69.Rb3+  1-0

[Event "FIN-chT"]
[Site "FIN"]
[Date "1995.??.??"]
[Round "?"]
[White "Salo, Heikki"]
[Black "Koskela, Niina"]
[Result "1-0"]
[WhiteElo "2225"]
[BlackElo "2170"]

1.d4 Nf6 2.c4 e6 3.Nf3 b6 4.a3 Bb7 5.Nc3 d5 6.cxd5 exd5 7.Bg5 Be7 8.e3 O-O
9.Rc1 c6 10.Bd3 Re8 11.O-O h6 12.Bxf6 Bxf6 13.e4 dxe4 14.Nxe4 Na6 15.Qa4 Nc7
16.Rfe1 Ne6 17.Nxf6+ Qxf6 18.Be4 b5 19.Qb4 Nf4 20.Rc5 Qd6 21.Rxb5 Qxb4 22.Rxb4 Rab8
23.Ne5 Ba6 24.Bxc6 Rxb4 25.axb4 Rd8 26.b5 Bc8 27.Re4 g5 28.Nf3 Kf8 29.h4 f6
30.g3 Nd5 31.Re1 a6 32.hxg5 hxg5 33.bxa6 Bxa6 34.Re6 Bc4 35.Nd2 Kf7 36.Re1 Bd3
37.Nb3 Bf5 38.Ra1 Ke7 39.Ra7+ Kd6 40.Bb5 Rb8 41.Bc4 Nb6 42.Nd2 Nd7 43.b3 Re8
44.f3 Re1+ 45.Kf2 Rh1 46.Bb5 Rh2+ 47.Ke3 Nb8 48.Rb7 Rh8 49.Rf7 Rh6 50.Nc4+ Ke6
51.Rb7 Rh8 52.g4 Bb1 53.Nd2 Bg6 54.Ne4 Bxe4 55.Kxe4  1-0

[Event "FRA-chT"]
[Site "FRA"]
[Date "1995.??.??"]
[Round "?"]
[White "Dorfman, Josif D"]
[Black "Arkell, Keith C"]
[Result "1/2-1/2"]
[WhiteElo "2590"]
[BlackElo "2485"]

1.d4 Nf6 2.c4 e6 3.Nf3 b6 4.a3 Ba6 5.Qc2 Bb7 6.Nc3 c5 7.e4 cxd4 8.Nxd4 d6
9.Bg5 Nbd7 10.O-O-O a6 11.f4 Qc7 12.g4 O-O-O 13.f5 Re8 14.Rg1 Kb8 15.Be2 Nc5
16.Bf3 Ncd7 17.Be2 Nc5 18.Bf3 Ncd7 19.Be2  1/2-1/2

[Event "FRA-chT"]
[Site "FRA"]
[Date "1995.??.??"]
[Round "?"]
[White "Denis, Laurent"]
[Black "Miralles, Gilles"]
[Result "0-1"]
[WhiteElo "2230"]
[BlackElo "2460"]

1.d4 Nf6 2.c4 e6 3.Nf3 b6 4.a3 Ba6 5.Qc2 Bb7 6.Nc3 c5 7.e4 cxd4 8.Nxd4 Bc5
9.Nf3 Nc6 10.Be2 Qb8 11.Bg5 Nd4 12.Nxd4 Bxd4 13.Rd1 Qe5 14.Bxf6 Qxf6 15.O-O Bxc3
16.bxc3 Qe5 17.Bd3 O-O 18.Kh1 Qc5 19.a4 Rfc8 20.f4 f6 21.Be2 Rc7 22.Rd4 Re8
23.e5 Rf8 24.exf6 Rxf6 25.Qd2 Bc6 26.Bd1 e5 27.Rd3 Qxc4 28.f5 e4 29.Qb2 Qxd3  0-1

[Event "Frydek-Mistek op"]
[Site "Frydek-Mistek"]
[Date "1995.??.??"]
[Round "?"]
[White "Dydyshko, Viacheslav"]
[Black "Szypulski, Andrzej"]
[Result "1/2-1/2"]
[WhiteElo "2495"]
[BlackElo "2395"]

1.d4 Nf6 2.c4 e6 3.Nf3 b6 4.a3 Ba6 5.b3 d5 6.Nbd2 Be7 7.Bb2 O-O 8.e3 c5 9.Bd3 Nbd7
10.O-O Rc8 11.Rc1 cxd4 12.exd4 Rc7 13.Qe2 Re8 14.Rfe1 Bb7 15.Bb1 Bf8 16.Rc3 g6
17.Ng5 Nh5 18.Ndf3 Qf6 19.Bc1 h6 20.Nh3 dxc4 21.g4 Ng7 22.Bxh6 Bxf3 23.Rxf3 Qxd4
24.Rf4 Qc3 25.Ng5 Nf6 26.bxc4 Ngh5 27.gxh5 Bxh6 28.Rf3 Qxc4 29.Qxc4 Rxc4
30.Nxf7  1/2-1/2

[Event "Troll Masters"]
[Site "Gausdal"]
[Date "1995.??.??"]
[Round "7"]
[White "Johannesson, Larus"]
[Black "Engqvist, Thomas"]
[Result "0-1"]
[WhiteElo "2290"]
[BlackElo "2415"]

1.d4 Nf6 2.c4 e6 3.Nf3 b6 4.a3 Ba6 5.Qc2 Bb7 6.Nc3 c5 7.dxc5 bxc5 8.e4 Nc6
9.Bd3 Qc7 10.O-O a6 11.h3 Be7 12.Be3 O-O 13.Rae1 Rab8 14.Kh1 Ba8 15.e5 Nxe5
16.Bf4 Rxb2 17.Qxb2 Nxd3 18.Bxc7 Nxb2 19.Ne5 d5 20.cxd5 Nxd5 21.Nxd5 Bxd5
22.Rb1 Na4 23.Rfc1 Rc8 24.Rb8 Rxb8 25.Bxb8 Bg5 26.Rb1 f6 27.Nf3 Bh6 28.Bd6 Kf7
29.Rb8 Bc1 30.Rb1 Bh6 31.Rb8 e5 32.Rc8 Ke6 33.Bf8 Kd7 34.Rb8 e4 35.Ne1 Bf4
36.Rb1 g6 37.Kg1 Ke8 38.g3 Be5 39.Bh6 g5 40.h4 gxh4 41.gxh4 Kd7 42.Nc2 Kc6
43.Ne3 Nc3 44.Re1 Be6 45.Ng2 Bc4 46.Ne3 Be6 47.Ng2 Kb5 48.Bf4 Bd4 49.Bd2 f5
50.Bxc3 Bxc3 51.Rb1+ Kc6 52.Rb8 Bd2 53.Ra8 a5 54.Ne3 f4 55.Ra6+ Kd7 56.Ra7+ Kd6
57.Nc2 Bb3 58.Rb7 Bxc2 59.Rb2 c4 60.Rxc2 c3  0-1

[Event "GER-ch U20 qual3"]
[Site "?"]
[Date "1995.??.??"]
[Round "4"]
[White "Naumann, Alexander"]
[Black "Parulava, Temur"]
[Result "1-0"]
[WhiteElo "2320"]
[BlackElo "2290"]

1.d4 Nf6 2.Nf3 e6 3.c4 b6 4.a3 Bb7 5.Nc3 d5 6.Qc2 Be7 7.cxd5 exd5 8.g3 c5
9.Bg2 Nc6 10.O-O c4 11.Rd1 O-O 12.Ne5 Na5 13.Rb1 a6 14.Bg5 b5 15.Bxf6 Bxf6
16.Ng4 Bg5 17.f4 Bf6 18.Nxf6+ Qxf6 19.Bxd5 Rad8 20.e4 Bc8 21.f5 Nb3 22.Qf2 Kh8
23.g4 g6 24.Ne2 gxf5 25.gxf5 Rg8+ 26.Ng3 Rg5 27.Kh1 h5 28.Qf4 Qg7 29.f6 Qh6
30.h4 Rg6 31.Qxh6+ Rxh6 32.Rg1 Nxd4 33.Bxf7 Rxf6 34.Rbf1 Rxf1 35.Rxf1 Bg4
36.Bxh5 Bxh5 37.Nxh5 Re8 38.Nf6 Re6 39.e5 Kg7 40.Ng4 Kg6 41.Kg2 a5 42.Rd1 Nf5
43.Kf3 Nxh4+ 44.Ke4 Re7 45.Ne3 Rb7 46.Rg1+ Kh5 47.Rg3 c3 48.bxc3 b4 49.axb4 axb4
50.c4 b3 51.Rg1 Ng6 52.Nd5 b2 53.Rb1 Kh6 54.c5 Rb8 55.e6 Re8 56.e7 Nxe7 57.Nxe7 Rxe7+
58.Kd5 Re2 59.c6 Kg6 60.c7 Rc2  1-0